Paroles - Babel babel - Indochine - Statistiques

Statistiques générales
  • Ce quiz a été pris 32 fois
  • Le résultat moyen est 291 sur 314
Statistiques - réponses
Réponse % Correct
à
100%
a
100%
beau
100%
beau,
100%
ça
100%
cause
100%
ce
100%
C'est
100%
ciel,
100%
ciel
100%
contre
100%
dans
100%
Dans
100%
de
100%
derrière
100%
dos
100%
ennemis
100%
est
100%
Et
100%
et
100%
était
100%
fois
100%
Il
100%
il
100%
100%
la
100%
le
100%
Le
100%
les
100%
loin,
100%
lui
100%
mais
100%
Mais
100%
mon
100%
nuit,
100%
nuit
100%
Oh
100%
papillons
100%
qui
100%
qu'il
100%
rodéo
100%
roi
100%
se
100%
ses
100%
si
100%
soldats
100%
sont
100%
toi
100%
tout
100%
traqué
100%
un
100%
Un
100%
une
100%
Une
100%
vie
100%
avant
92%
Babel
92%
combattant
92%
océan
92%
balle
85%
balles
85%
blanc
85%
cerf-volant
85%
choix
85%
des
85%
Des
85%
d'être
85%
drapeau
85%
encore
85%
fait
85%
haine
85%
ira
85%
ira,
85%
l'incompris
85%
on
85%
On
85%
oublie
85%
s'en
85%
vivant
85%
bruit,
77%
Comme
77%
comme
77%
écho
77%
horizons
77%
jour
77%
ne
77%
nous
77%
blase
69%
entend
69%
juste
69%
lèvera,
69%
lèvera
69%
moi
69%
prêt
69%
Sans
69%
sans
69%
comprend
62%
personne
62%
sera
62%
comprendra
54%
différents
54%
Plus
54%
Que
54%
savoir
54%
langages
46%
temps
46%
aimera
38%
tangages
38%
Aucun quiz correspondant
Distribution des résultats
% des personnes avec chaque résultat
Percentile par nombre de réponses
Votre historique - résultats
Vous n’avez pas pris ce quiz